Motley Crue's "Take Me To The Top" Lyrics - Statistics

General Stats
  • This quiz has been taken 39 times
  • The average score is 141 of 183
Answer Stats
Answer % Correct
me
95%
take
95%
to
95%
top
95%
the
91%
a
86%
i
86%
Dont
77%
dont
77%
hear
77%
it
77%
its
77%
know
73%
night
73%
no
73%
You
73%
you
73%
perfect
68%
still
68%
violation
68%
saying
64%
such
64%
screaming
59%
tonight
55%
all
50%
heart
50%
heights
50%
im
50%
alley
45%
and
45%
black
45%
fight
45%
in
41%
like
41%
sheer
41%
temptation
41%
that
41%
too
41%
attack
36%
have
36%
hearted
36%
many
36%
off
36%
times
36%
victim
36%
well
36%
accusation
32%
with
32%
but
27%
oh
27%
realization
27%
throw
27%
had
18%
never
18%
way
18%
No matching quizzes found
Score Distribution
Percent of People with Each Score
Percentile by Number Answered
Your Score History
You have not taken this quiz